000 01001cas a2200313 i 4500
001 24597
003 TR-AnTOB
005 20240520091752.0
008 050908c19919999fr gx s i0 a0eng
022 _y0376-6438
035 _a24597
040 _aTR-AnTOB
_beng
_erda
_cTR-AnTOB
041 0 _aeng
050 _aHC492
090 _aHC492
099 _aJOURNAL ORGo
110 2 2 _aOrganisation for Economic Co-operation and Development.
_bDepartment of Economics and Statistics
_919037
245 1 0 _aOECD economic surveys :
_bTurkey.
264 1 _a[Paris] :
_bOrganisation for Economic Co-operation and Development.
_c2003.
300 _avolumes ;
_c24 cm
321 _aAnnual (irregular)
651 _aTurkey
_xEconomic conditions
_vPeriodicals
_919243
651 _aTürkiye
_xEkonomik durum
_vSüreli yayınlar
_965116
740 3 _aEconomic surveys by the OECD:
740 3 _aOrganisation for Economic Co-operation and Development surveys:
902 _a0012900
942 _cCR
_2lcc
999 _c24597
_d4489